Legislación y estudio práctico de las sociedades anónimas / (Record no. 139952)

MARC details
000 -LEADER
campo de control de longitud fija 00480nam a2200157 4500
001 - NÚMERO DE CONTROL
campo de control 139952
003 - IDENTIFICADOR DE NÚMERO DE CONTROL
campo de control ES-MaACL
005 - FECHA Y HORA DE LA ÚLTIMA TRANSACCIÓN
campo de control 20230906195944.0
007 - CAMPO FIJO DE DESCRIPCIÓN FÍSICA--INFORMACIÓN GENERAL
campo de control de longitud fija t|
008 - DATOS DE LONGITUD FIJA--INFORMACIÓN GENERAL
campo de control de longitud fija 070214m19671968sp r ||||1| spa d
100 1# - ENTRADA PRINCIPAL--NOMBRE DE PERSONA
Nombre de persona Schop Santos, Ernesto.
9 (RLIN) 104655
245 10 - MENCIÓN DEL TÍTULO
Título Legislación y estudio práctico de las sociedades anónimas /
Mención de responsabilidad, etc. Ernesto Schop Santos.
260 ## - PUBLICACIÓN, DISTRIBUCIÓN, ETC.
Lugar de publicación, distribución, etc. Barcelona :
Nombre del editor, distribuidor, etc. Bosch,
Fecha de publicación, distribución, etc. 1967-1968.
300 ## - DESCRIPCIÓN FÍSICA
Extensión 4 t. en 5 v. ;
Dimensiones 24 cm.
852 ## - LOCALIZACIÓN
Ubicación ES-MaACL
Número de control de estantería C-35794-8
Sublocalización o colección R.68341
Holdings
Estatus retirado Estado de pérdida Estado de daño No para préstamo Biblioteca de origen Biblioteca actual Ubicación en estantería Fecha de adquisición Fuente de adquisición Total de préstamos Signatura topográfica completa Código de barras Visto por última vez Precio de reemplazo Tipo de ítem Koha
        Biblioteca del Ateneo de Madrid Biblioteca del Ateneo de Madrid Depósito 2 17/01/2008     C-35794-8 1145637 23/02/2023 23/02/2023 Libro impreso